00674nam a22001937a 450000500170000000800410001702000150005805000210007310000170009424501210011125000120023226000500024430000300029450400220032465000170034665000430036370000360040670000380044220180712110756.0180605b nyu||||| |||| 00| 0 eng d a031234633604aML1700bV53 19791 aVicker, Hugh10aGreat operatic disasters b/ Hugh Vickers ; illustrated by Michael Ffolkes ; with an introduction by Peter Ustinov.  a1a ed.  aNew York : bSt. Martin´s Press Inc., c1979 a80 p. : bil. ; c20 cm.  aIncluye índice  72lembaOpera  72lembaMúsica xAnécdota, sátira 1 aFfolkes, Michael, eIlustrador 1 aUstiniv, Peter, eIntroducción